000 01156nam0a22003011 4500
001 v19\rc\1646095
005 20260406132952.0
035 _a(NLR Aleph) 005240942
090 _a5703667
_c5703667
100 _a20061002e18871887|||y0rusy50 ca
101 0 _arus
102 _aRU
105 _ay z |||||
200 1 _aБоголюбезный скоморох
_eСтарин. сказание
_f[Николай Лесков]
210 _d1887
_aБ. м.
215 _d24
300 _aНе окончено
300 _aАвт. указан в конце текста
311 _aОтт. из "Ист. вестн." Февр. 1887, т. 27, С. 241-265
488 0 _12001#$aИсторический вестник$v1887, т. 27, февр.
_1215##$aС. 241-265
_tИсторический вестник
700 1 _7ca
_8rus
_aЛесков
_bН. С.
_f1831-1895
_gНиколай Семенович
_9112020
_3RU\NLR\AUTH\772003
801 2 _aRU
_bNLR
_c20071214
_2rusmarc
801 0 _aRU
_bNLR
_c20061002
_gpsbo
801 0 _aRU
_bRuMoRGB
_c20061002
_2psbo
801 1 _aRU
_bProSoft-M
_c20061002
_2rusmarc
852 _aNLR
_jDesideratum
942 _cBOOK
980 _aNB